| 000 | 01564nam a2200277 a 4500 | ||
|---|---|---|---|
| 001 | BRCA_8952 | ||
| 003 | FranzMayer | ||
| 005 | 20230728103307.0 | ||
| 008 | 050717s1775----sp-#######---#000-0#spa-# | ||
| 040 | _cMFM | ||
| 041 | _aspa | ||
| 044 | _asp | ||
| 084 |
_aLM1 _bF47 1775 |
||
| 100 | 1 |
_aFerreras, Juan de _d1652 - 1735 _922249 |
|
| 245 | 1 | 0 |
_aSynopsis histórica chronologica de España _cpor Don Juan de Ferreras. |
| 260 |
_aMadrid _bEn la Imprenta de Don Antonio Perez de Soto _c1775 |
||
| 300 |
_a14 v. _bil. tablas _c21.5 x 15.5 cm |
||
| 500 | _aEstado físico: presenta encuadernación en pergamino con presencia del pez de plata | ||
| 500 | _aEn portada: Nueva edición corregida y enmendada | ||
| 500 | _aEn portada: Añadida de un sumario chronologico, y un Índice general por orden alfabético | ||
| 505 | 0 | _aContenido: Pte. 1 y 2 Comprehende los sus sucesos de los quatro primeros siglos Christianos, formada de los autores seguros y de buena fe. -- Pte. 3 Comprehende los sucesos del siglo V. VI. y VII. -- Pte. 4 Comprehende los sucesos de los siglos VIII. IX. y X. -- Pte. 5 contiene los sucesos del siglo XI. y XII. -- Pte. 7 Contiene los sucesos del siglo XIV., justificados por la más segura autoridad, y cronología. -- Pte. 9, 10 y 11 Contiene los sucesos del siglo XV. -- Pte. 12, 13, 14 y 15 Contiene los sucesos del siglo XVI. -- Pte. 16 Enmendada, añadida y vindicada. | |
| 651 | 4 |
_aEspaña _xHistoria _yObras anteriores a 1800 _922250 |
|
| 700 | 1 |
_aPerez de Soto, Antonio _eImpresor _922251 |
|
| 902 | _aCFM | ||
| 942 |
_2lcc _cB |
||
| 999 |
_c8603 _d8603 |
||